| 000 | 02444cam a22004934i 4500 | ||
|---|---|---|---|
| 003 | PE-LiUPU | ||
| 005 | 20250731173524.0 | ||
| 008 | 150616s r 000 0 d | ||
| 020 | _a0853645167 | ||
| 035 | _a(Sirsi) i9780853645160 | ||
| 040 |
_aPE-LiUPU _bspa _cPE-LiUPU _erda |
||
| 049 | _aPRUA | ||
| 082 | 0 | 4 |
_a234.7 _bC26 _221 |
| 245 | 0 | 0 |
_aRight With God: Justification in the Bible and the world / _cD. A. Carson ed. |
| 264 | 1 |
_aLondon : _bBaker Books, _c1992. |
|
| 300 |
_a309 páginas ; _c23 centímetros |
||
| 336 |
_atext _2rdacontent |
||
| 337 |
_aunmediated _2rdamedia |
||
| 338 |
_avolume _2rdacarrier |
||
| 505 | 0 | _aThe biblical doctrine of justification by faith.- Justification in Pauline thought.- Justification in Paul and some crucial issues of the last two decades.- Seek God's righteousness in the gospel of Matthew.- Justification in Luke-Acts.- Justification in the gospel of John.- Justification in the Epistle of James -- Justification and Personal Christian Living -- Justification and Social Justice -- Justification and Roman Catholicism -- Justification by Faith: Its Relevance in Hindu Context -- Justification by Faith: Its Relevance in Islamic Context -- Justification by Faith: Its Relevance in Buddhist Context. | |
| 526 | _aSEG42 | ||
| 526 | _aSEG41 | ||
| 526 | _aSEG40 | ||
| 526 | _aSEG39 | ||
| 526 | _aP94 | ||
| 526 | _aP87 | ||
| 526 | _aP86 | ||
| 526 | _aP85 | ||
| 526 | _aP77 | ||
| 526 | _aP76 | ||
| 526 | _aP35 | ||
| 541 | _g101-011821; | ||
| 650 | 0 | 4 |
_aJustificación _xEnseñanza bíblica. |
| 700 | 1 |
_aCarson, D. A., _eeditor. |
|
| 910 |
_ajck _bjvq _cjck |
||
| 942 |
_2ddc _cBOOK |
||
| 949 |
_a234.7 C26 _wDEWEY _c1 _i57342 _lCCODEBUL1 _mBUL _r0 _sY _tBOOK _u2015-6-16 _xTEOLOGIA _zUNKNOWN _0COMPRA _o.STAFF. Colección General |
||
| 949 |
_a234.7 C26 _wDEWEY _c2 _i42156 _lCCODEBUL1 _mBUL _r0 _sY _tBOOK _u2015-6-16 _xTEOLOGIA _zUNKNOWN _0COMPRA _o.STAFF. Colección General |
||
| 994 |
_aC0 _bPEPRU |
||
| 596 | _a1 | ||
| 999 |
_a234.7 C26 _wDEWEY _c59846 _i57342 _f2021-11-10 _g5 _lCCODEBUL1 _mBUL _r0 _sY _tBOOK _u2015-6-16 _xTEOLOGIA _zUNKNOWN _0COMPRA _o.STAFF. Colección General _d59846 |
||
| 999 |
_a234.7 C26 _wDEWEY _c2 _i42156 _f2021-11-10 _g5 _lCCODEBUL1 _mBUL _r0 _sY _tBOOK _u2015-6-16 _xTEOLOGIA _zUNKNOWN _0COMPRA _o.STAFF. Colección General |
||
| 980 |
_81 _gALBERTO SANCHEZ Responsable de Automatización |
||